'B' in Asia Quiz Stats

 Plays Quiz Updated Mar 3, 2020

     
Support Sporcle.
Go Orange.
Score 0/20 Timer 07:00
5 Plays Today
Question Answer % Correct
Which capital has seven UNESCO World Heritage Sites, including the Ming Tombs and the Summer Palace?Beijing
90.5%
Which Southeast Asian nation is a sultanate, separated into two parts by the Malaysian district of Limbang?Brunei
81.5%
Which kingdom is divided into twenty dzongkhags (districts), and has its capital located in Thimphu Dzongkhag?Bhutan
80.2%
The national anthems of Bangladesh and India and the national song of India were all first composed in which language?Bengali
76.4%
Which world capital is home to 'Wat Phra Kaew', the 'Temple of the Emerald Buddha'?Bangkok
74.2%
Which country gained independence in 1971 and is now ruled by King Hamad bin Isa Al Khalifa?Bahrain
73.7%
Batumi, a Georgian city serving as an important port and commercial center, is located on the coast of which sea?Black Sea
72.6%
Which plant of the grass family is used for building materials and as a food source in South, Southeast and East Asia?bamboo
65.5%
Which Asian capital can be reached by ferry from Cyprus via the nearby city of Jounieh?Beirut
64.7%
Which freshwater lake is the deepest in the world at 1,642 m (5,387 ft)?Lake Baikal
60.2%
Question Answer % Correct
Which island's highest point is Mount Agung and largest settlement Denpasar?Bali
58%
The host city of the 57th Eurovision Song Contest in 2012 was which Asian capital, referred to sometimes as the 'City of Winds'?Baku
55.8%
What is the only manmade structure in the world to stand above 800 m tall?Burj Khalifa
52.8%
Which capital city was considered to be the largest city in the world until it was largely destroyed by the Mongol Empire in 1258?Baghdad
51.3%
What Asian city is the capital of Chuy Province, an oblast bounded on the north by Kazakhstan and by Issyk Kul to the east?Bishkek
51.2%
What language is spoken as a first language by 33 million people in Myanmar, Thailand and Malaysia?Burmese
46.3%
The world's worst industrial disaster, a toxic gas leak that killed over 3,500 people in 1984, occurred in which Central Indian city?Bhopal
35%
What city's attractions include Haedong Yongyung Temple and Shinsegae Centum City (the world's largest department store)?Busan
30.9%
With a population of 205,000, the largest city in the Negev desert of southern Israel has what name?Beersheba
16.1%
In 2012, which Filipino island was awarded as the best island in the world from travel magazine 'Travel + Leisure'?Boracay
9.5%

From the Vault

MLB Games Leaders Not in HOF

by Viktrodriguez

Sports 10m
Is it harder to sit back on a curveball or sit back and wait for the BBWAA to vote?
Remove Ads.
Support Sporcle.
Get the best of Sporcle when you Go Orange. This ad-free experience offers more features, more stats, and more fun while also helping to support Sporcle. Thank you for becoming a member.

Show Comments

Extras

Top Quizzes Today


Score Distribution

Your Account Isn't Verified!

In order to create a playlist on Sporcle, you need to verify the email address you used during registration. Go to your Sporcle Settings to finish the process.

Report this User

Report this user for behavior that violates our Community Guidelines.

Details: